Capitales asiatiques en B - Statistiques

Statistiques générales
  • Ce quiz a été pris 92 fois
  • Le résultat moyen est 4 sur 6
Statistiques - réponses
Réponse % Correct
Bangkok
80%
Bagdad
69%
Bakou
65%
Beyrouth
65%
Bichkek
55%
Bandar Seri Begawan
51%
Aucun quiz correspondant
Distribution des résultats
% des personnes avec chaque résultat
Percentile par nombre de réponses
Votre historique - résultats
Vous n’avez pas pris ce quiz